План обследования больного и написания истории болезни в терапевтической клинике (Запись № 11062954)

Подробности
000 -МАРКЕР
контрольное поле 02365nam0a2200361 4500
001 - ИДЕНТИФИКАТОР ЗАПИСИ
контрольное поле RU\NLR\BIBL_A\011935564
005 - ИДЕНТИФИКАТОР ВЕРСИИ
контрольное поле 20190221120945.0
010 ## - МЕЖДУНАРОДНЫЙ СТАНДАРТНЫЙ НОМЕР КНИГИ (ISBN)
Номер (ISBN) 978-5-7032-1307-0
Тираж 300
021 ## - НОМЕР ГОСУДАРСТВЕННОЙ РЕГИСТРАЦИИ
Код страны Российская Федерация
Номер КН-П-18-103879
Номер Листа государственной регистраци КН-П-18-7531
035 ## - ДРУГИЕ СИСТЕМНЫЕ НОМЕРА
Идентификатор записи (NLR Aleph) 011935564
035 ## - ДРУГИЕ СИСТЕМНЫЕ НОМЕРА
Идентификатор записи (RuMoRGB)009858818
100 ## - ДАННЫЕ ОБЩЕЙ ОБРАБОТКИ
Данные общей обработки 20190213d2018 u y0rusy50 ca
101 0# - ЯЗЫК РЕСУРСА
Язык текста, звукозаписи и т.д. русский
102 ## - СТРАНА ПУБЛИКАЦИИ ИЛИ ПРОИЗВОДСТВА
Страна публикации Российская Федерация
105 ## - ПОЛЕ КОДИРОВАННЫХ ДАННЫХ: ТЕКСТОВЫЕ МАТЕРИАЛЫ, МОНОГРАФИЧЕСКИЕ
Кодированные данные о монографическом текстовом документе a|||j|||000zy
200 1# - ЗАГЛАВИЕ И СВЕДЕНИЯ ОБ ОТВЕТСТВЕННОСТИ
Основное заглавие План обследования больного и написания истории болезни в терапевтической клинике
Сведения, относящиеся к заглавию учебное пособие
-- [для студентов, обучающихся по специальностям "лечебное дело", "педиатрия", "медико-профилактическое дело"]
Первые сведения об ответственности Н. В. Меньков, Е. В. Макарова, Г. Н. Варварина
Последующие сведения об ответственности Приволжский исследовательский медицинский университет
210 ## - ПУБЛИКАЦИЯ, РАСПРОСТРАНЕНИЕ И ДР.
Место издания, распространения и т.д. Нижний Новгород
Имя издателя, распространителя и т. д. Изд-во Приволжского исследовательского медицинского университета
Дата издания, распространения и т.д. 2018
215 ## - ФИЗИЧЕСКАЯ ХАРАКТЕРИСТИКА
Специфическое обозначение материала и объем 98 с.
Другие сведения о физической характеристике табл.
Размеры 21
300 ## - ОБЩИЕ ПРИМЕЧАНИЯ
Текст примечания На обороте тит. л. 1-й и 3-й авт.: Н. В. Меньков, доц., Г. Н. Варварина, проф.
320 ## - ПРИМЕЧАНИЯ О НАЛИЧИИ В ДОКУМЕНТЕ БИБЛИОГРАФИИ / УКАЗАТЕЛЯ
Текст примечания Библиогр.: с. 93 (7 назв.)
606 1# - НАИМЕНОВАНИЕ ТЕМЫ КАК ПРЕДМЕТ
Наименование темы История болезни
Формальный подзаголовок Учебные издания для высших учебных заведений
Тематический подзаголовок Оформление в терапии
Системный номер авторитетной/нормативной записи 2470730
Идентификатор авторитетной/нормативной записи RU\NLR\AUTH\661467456
606 1# - НАИМЕНОВАНИЕ ТЕМЫ КАК ПРЕДМЕТ
Наименование темы Терапевтические больные
Формальный подзаголовок Учебные издания для высших учебных заведений
Тематический подзаголовок Обследование
Системный номер авторитетной/нормативной записи 1900176
Идентификатор авторитетной/нормативной записи RU\NLR\AUTH\661154913
686 1# - ИНДЕКСЫ ДРУГИХ КЛАССИФИКАЦИЙ
Индекс Р342я73
686 1# - ИНДЕКСЫ ДРУГИХ КЛАССИФИКАЦИЙ
Индекс Р41-4я73
700 #1 - ИМЯ ЛИЦА - ПЕРВИЧНАЯ ОТВЕТСТВЕННОСТЬ
Графика поля Кириллица
Материалы, к которым относится поле rus
Начальный элемент ввода Меньков
Часть имени, кроме начального элемента ввода Н. В.
Расширение инициалов личного имени Николай Викторович
Системный номер авторитетной/нормативной записи 39360
Идентификатор авторитетной/нормативной записи RU\NLR\AUTH\7756428
701 #1 - ИМЯ ЛИЦА - АЛЬТЕРНАТИВНАЯ ОТВЕТСТВЕННОСТЬ
Код отношения Автор
Графика поля Кириллица
Материалы, к которым относится поле rus
Начальный элемент ввода Макарова
Часть имени, кроме начального элемента ввода Е. В.
Дополнения к именам, кроме дат д-р мед. наук
Расширение инициалов личного имени Екатерина Вадимовна
Системный номер авторитетной/нормативной записи 39356
Идентификатор авторитетной/нормативной записи RU\NLR\AUTH\7756424
701 #1 - ИМЯ ЛИЦА - АЛЬТЕРНАТИВНАЯ ОТВЕТСТВЕННОСТЬ
Начальный элемент ввода Варварина
Часть имени, кроме начального элемента ввода Г. Н.
Расширение инициалов личного имени Галина Николаевна
942 ## - ДОПОЛНИТЕЛЬНЫЕ ЭЛЕМЕНТЫ ЗАПИСИ (АБИС)
Тип экземпляра АБИС Книга
980 ## - КОЛЛЕКЦИЯ
Название коллекции НБР
980 ## - КОЛЛЕКЦИЯ
Название коллекции Национальная библиография

Нет доступных экземпляров.